| 000 | 00741cam a2200229u 4500 | ||
|---|---|---|---|
| 999 |
_c23880 _d23880 |
||
| 001 | 8317155 | ||
| 003 | BDDh-ASL | ||
| 005 | 20231015030311.0 | ||
| 008 | 810403s1885 e ah 000 0aeng | ||
| 010 | _a 40037617 | ||
| 040 |
_aDLC _cCarP _dDLC _dBDDh-ASL |
||
| 050 | 0 | 0 |
_aE302.6.F7 _bA2 1926a |
| 082 |
_a923.243 _bSPA |
||
| 100 | 1 |
_aFranklin, Benjamin, _d1706-1790. |
|
| 245 | 0 | 4 | _aThe autobiography of Benjamin Franklin / |
| 260 |
_aGarden City, N.Y., _aLondon: _bGarden City publishing co., inc. _bGeorge Bell and Sons, _c[1926] _c1885. |
||
| 300 |
_a154 p. _c18 cm. |
||
| 600 | 1 | 0 |
_93639 _aFranklin, Benjamin |
| 700 | 1 |
_aPine, Frank Woodworth, _d1869- _eed. |
|
| 906 |
_a0 _bcbc _cpremunv _du _encip _f19 _gy-gencatlg |
||
| 942 |
_2ddc _cBK |
||